LIBRARY & INFORMATION CENTRE, KCAET, TAVANUR

ONLINE PUBLIC ACCESS CATALOGUE (OPAC)

General Microbiology, vol.1 (Record no. 13628)

MARC details
000 -LEADER
fixed length control field 00297nam a22001337a 4500
082 ## - DEWEY DECIMAL CLASSIFICATION NUMBER
Classification number 576
Item number POW/GE
100 ## - MAIN ENTRY--AUTHOR NAME
Personal name Powar C.B
245 ## - TITLE STATEMENT
Title General Microbiology, vol.1
250 ## - EDITION STATEMENT
Edition statement 2
260 ## - PUBLICATION, DISTRIBUTION, ETC. (IMPRINT)
Place of publication Mumbai
Name of publisher Himalaya Publishing house
Year of publication 2008
300 ## - PHYSICAL DESCRIPTION
Number of Pages 660
700 ## - ADDED ENTRY--PERSONAL NAME
Personal name Daginawala H.F
942 ## - ADDED ENTRY ELEMENTS (KOHA)
Koha item type Books
Holdings
Withdrawn status Lost status Damaged status Collection code Home library Current library Shelving location Date acquired Cost, normal purchase price Full call number Accession Number Koha item type
      Non-fiction KAUAET KAUAET General Stacks 31/03/2012 250.00 576 POW/GE 23501 Books
      Non-fiction KAUAET KAUAET General Stacks 31/03/2012 250.00 576 POW/GE 23502 Books
      Non-fiction KAUAET KAUAET General Stacks 31/03/2012 250.00 576 POW/GE 23503 Books
      Non-fiction KAUAET KAUAET General Stacks 31/03/2012 250.00 576 POW/GE 23504 Books
      Non-fiction KAUAET KAUAET General Stacks 31/03/2012 250.00 576 POW/GE 23505 Books
free website counter